Soil management : national organic program regulation
Spremljeno u:
| Glavni autor: | |
|---|---|
| Format: | Knjiga |
| Jezik: | Undetermined |
| Teme: | |
| Oznake: |
Dodaj oznaku
Bez oznaka, Budi prvi tko označuje ovaj zapis!
|
| Thư viện lưu trữ: | Trung tâm Học liệu Trường Đại học Cần Thơ |
|---|
| LEADER | 00443nam a2200145Ia 4500 | ||
|---|---|---|---|
| 001 | CTU_146447 | ||
| 008 | 210402s9999 xx 000 0 und d | ||
| 082 | |a 631.4 | ||
| 082 | |b B448 | ||
| 100 | |a Bellows, Barbara C. | ||
| 245 | 0 | |a Soil management : | |
| 245 | 0 | |b national organic program regulation | |
| 245 | 0 | |c Barbara C. Bellows | |
| 650 | |a Soil management,Quản lý đất đai | ||
| 980 | |a Trung tâm Học liệu Trường Đại học Cần Thơ | ||